Rodinná kronika /

Corporate Author: SHQ (hudební skupina)
Other Authors: Velebný, Karel, 1931-1989
Language: No linguistic content
Published: [Brno] : Indies Happy Trails, [2016]
Physical Description: 1 CD audio ; 12 cm
Audio
Saved in:
LEADER 01987njm a2200469 i 4500
001 001658411
003 CZ BrMZK
005 20190122122611.0
007 sd fmngnnmmnee
008 181129p20161992xr jznng fz n zxx
015 |a cnb003058651 
024 3 |a 8595026672925 
028 0 1 |a MAM729-2  |b Indies Happy Trails 
040 |a BOA001  |b cze  |e rda 
041 0 |g cze 
072 7 |a 78.011.26  |x Populární hudba. Populární písně. Populární taneční hudba  |2 Konspekt  |9 9 
080 |a 78.036.9.011.26  |2 MRF 
080 |a (086.76)  |2 MRF 
245 0 0 |a Rodinná kronika /  |c SHQ 
264 1 |a [Brno] :  |b Indies Happy Trails,  |c [2016] 
264 4 |c ℗2016 
300 |a 1 CD audio ;  |c 12 cm 
336 |a hraná hudba  |b prm  |2 rdacontent 
337 |a audio  |b s  |2 rdamedia 
338 |a audiodisk  |b sd  |2 rdacarrier 
344 |a digital  |b optical  |g mono  |g stereo  |2 rda 
347 |a audio soubor  |b CD audio  |2 rda 
500 |a Název z disku 
500 |a Hudba většinou Karel Velebný 
500 |a Fonogram a původní fonogramy 1963, 1964, 1966 Supraphon 
500 |a Informace o interpretech a hudbě (22 stran) v pouzdře 
505 0 0 |t Atila --  |t Vernisáž --  |t Veverčí hnízdo --  |t Ráno patří valčíku --  |t Někoho mám --  |t Rodinná kronika  |g I. část --  |t Cheek to cheek --  |t Confession --  |t Dva svišti --  |t Jedno okno --  |t Dobří lidé nevymřeli --  |t Pět dodeka --  |t Zbabělé blues --  |t Blondýnka --  |t Mariam --  |t Budapešťská roláda --  |t I'm gonna go fishing --  |t Paže pážete 
511 1 |a SHQ 
518 |o Nahráno  |d 3. březen 1962 - 19. prosinec 1963  |p Studio Strahov a další 
650 0 7 |a jazz  |7 ph121330  |2 czenas 
655 7 |a kompaktní disky  |7 fd201991  |2 czenas 
700 1 |a Velebný, Karel,  |d 1931-1989  |7 jk01141956  |4 cmp  |4 itr 
710 2 |a SHQ (hudební skupina)  |7 xx0026393  |4 prf 
910 |a BOA001  |b CDR-1419.100 
990 |a AV 
991 |b 201901 
996 6 |b 2610763770  |c CDR-1419.100  |l MZK  |r Sklad / do 24 hodin  |n 0  |p p.v.  |w 001697627  |u 000010  |a 1  |e BOA001  |j MZK50  |s P